000 00752nam a22002297a 4500
005 20180915124029.0
008 180915b xxu||||| |||| 00| 0 eng d
020 _a0199459711
_cRs.1795.00
040 _aLoreto College
041 _aEnglish
082 _a305.5122
_bSUN
245 _aThe scheduled tribes and their India
_bPolitics,identities, policies, and work
_cEdited by Nandini Sundar
260 _aNew Delhi
_bOxford University Press
_c2016
300 _aix, 640p
_b22cm
440 _aOxford in India readings in Sociology and Social Anthropology
504 _aIncludes index
650 _aScheduled tribes in India
650 _aScheduled tribes-Politics
_zIndia
700 _4ed.
_aSundar,Nandini
850 _aLCLIB
_bDLIT
942 _cBK
999 _c41796
_d92275